书目信息 |
| 题名: |
毛泽东遗物事典
|
|
| 作者: | ;韶山毛泽东同志纪念馆 编 | |
| 分册: | ||
| 出版信息: | 北京 红旗出版社 1996 |
|
| 页数: | 564页 | |
| 开本: | 20cm | |
| 丛书名: | ||
| 单 册: | ||
| 中图分类: | A752 , K871.7 | |
| 科图分类: | ||
| 主题词: | 革命文物-毛泽东--简介 | |
| 电子资源: | ||
| ISBN: | 7-80068-972-7 | |
| 000 | 00782nam0 2200253 45 | |
| 001 | 1262947615 | |
| 005 | 20120927173454.60 | |
| 010 | @a7-80068-972-7@dCNY29.80 | |
| 100 | @a19970320d1996 em y0chiy0121 ea | |
| 101 | 0 | @achi |
| 102 | @aCN@b110000 | |
| 105 | @acf z 000yd | |
| 200 | 10 | @a毛泽东遗物事典@Amao ze dong yi wu shi dian@e来自毛泽东身边工作人员的深情回忆@f韶山毛泽东同志纪念馆编 |
| 210 | @a北京@c红旗出版社@d1996 | |
| 215 | @a564页@c肖像及照片@d20cm | |
| 540 | 1 | @a遗物@Ayi wu |
| 600 | 0 | @a毛泽东@x生平事迹 |
| 600 | 0 | @a毛泽东-革命文物@x简介 |
| 606 | 0 | @a革命文物-毛泽东@x简介 |
| 690 | @aA752@v3 | |
| 690 | @aK871.7@v3 | |
| 711 | 02 | @a韶山毛泽东同志纪念馆@Ashao shan mao ze dong tong zhi ji nian guan@4编 |
| 801 | 0 | @aCN@bTSSF@c19970429 |
| 905 | @a10447@dA752@eJY23 | |
| 毛泽东遗物事典:来自毛泽东身边工作人员的深情回忆/韶山毛泽东同志纪念馆编.-北京:红旗出版社,1996 |
| 564页:肖像及照片;20cm |
| ISBN 7-80068-972-7:CNY29.80 |
| ● |
| 相关链接 |
|
|
|
|
正题名:毛泽东遗物事典
索取号:A752/JY23
 
预约/预借
| 序号 | 登录号 | 条形码 | 馆藏地/架位号 | 状态 | 备注 |
| 1 | 7814885 | 278148853 | 学院路分馆/ [索取号:A752/JY23] | 在馆 | |
| 2 | 7814886 | 278148862 | 学院路分馆/ [索取号:A752/JY23] | 在馆 |